Normal view
MARC view
- الاقتصاد الاسلامي-التخطيط الاقتصادي
Entry Topical Term
001 - CONTROL NUMBER
- control field: 27836
003 - CONTROL NUMBER IDENTIFIER
- control field: JO-AjAnu
005 - DATE AND TIME OF LATEST TRANSACTION
- control field: 20230606074726.0
008 - FIXED-LENGTH DATA ELEMENTS
- fixed length control field: 230606|| aca||aabn | a|a d
040 ## - CATALOGING SOURCE
- Original cataloging agency: JO-AjAnu
- Transcribing agency: JO-AjAnu
150 ## - HEADING--TOPICAL TERM
- Topical term or geographic name entry element: الاقتصاد الاسلامي-التخطيط الاقتصادي
670 ## - SOURCE DATA FOUND
- Source citation: Work cat.: (JO-AjAnu)14292: المعهد الاسلامي للبحوث والتدريب/البنك الاسلامي للتنمية, author 27835, اعداد الامة الاسلامية للقرن الحادي والعشرين في مجالات التعاون الاقتصادي والتجاري والمالي بين الدول الاعضاء في منظمة المؤتمر الاسلامي